|
|
|
|
| LEADER |
02179nam a2200553 a 4500 |
| 001 |
nkc20142573001 |
| 003 |
CZ PrNK |
| 005 |
20140506090325.0 |
| 007 |
ta |
| 008 |
140311s2013 xr ab f 000 0 eng |
| 015 |
|
|
|a cnb002573001
|
| 020 |
|
|
|a 978-80-7375-905-6
|q (brož.)
|
| 035 |
|
|
|a (OCoLC)879565177
|
| 040 |
|
|
|a OLA001
|b cze
|
| 041 |
1 |
|
|a eng
|h slo
|
| 043 |
|
|
|a e-xr---
|
| 072 |
|
7 |
|a 502
|x Životní prostředí a jeho ochrana
|2 Konspekt
|9 2
|
| 080 |
|
|
|a 502.5
|2 MRF
|
| 080 |
|
|
|a 911.53:63
|2 MRF
|
| 080 |
|
|
|a 574.1
|2 MRF
|
| 080 |
|
|
|a 582.091/.097
|2 MRF
|
| 080 |
|
|
|a (437.3)
|2 MRF
|
| 080 |
|
|
|a (048.8:082)
|2 MRF
|
| 100 |
1 |
|
|a Supuka, Ján,
|d 1944-
|7 ola2003186226
|4 aut
|
| 245 |
1 |
0 |
|a Landscape structure and biodiversity of woody plants in the agricultural landscape /
|c Ján Supuka et al. ; [translation Attila Tóth]
|
| 260 |
|
|
|a Brno :
|b Mendel University in Brno,
|c 2013
|
| 300 |
|
|
|a 186 s. :
|b il. (některé barev.), mapy ;
|c 25 cm
|
| 490 |
1 |
|
|a Folia Universitatis Agriculturae et Silviculturae Mendelianae Brunensis,
|x 1803-2109 ;
|v roč. 6, č. 9 (2013)
|
| 500 |
|
|
|a Přeloženo ze slovenštiny?
|
| 500 |
|
|
|a Část. tištěno napříč
|
| 500 |
|
|
|a 120 výt.
|
| 504 |
|
|
|a Obsahuje bibliografii
|
| 650 |
0 |
7 |
|a krajinný ráz
|7 ph121925
|z Česko
|2 czenas
|
| 650 |
0 |
7 |
|a zemědělská krajina
|7 ph116758
|z Česko
|2 czenas
|
| 650 |
0 |
7 |
|a biodiverzita
|7 ph118885
|z Česko
|2 czenas
|
| 650 |
0 |
7 |
|a dřeviny
|7 ph114402
|z Česko
|2 czenas
|
| 650 |
0 |
9 |
|a landscape character
|z Czechia
|2 eczenas
|
| 650 |
0 |
9 |
|a agricultural landscape
|z Czechia
|2 eczenas
|
| 650 |
0 |
9 |
|a biodiversity
|z Czechia
|2 eczenas
|
| 650 |
0 |
9 |
|a woody plants
|z Czechia
|2 eczenas
|
| 655 |
|
7 |
|a kolektivní monografie
|7 fd501537
|2 czenas
|
| 655 |
|
9 |
|a collective monographs
|2 eczenas
|
| 830 |
|
0 |
|a Folia Universitatis Agriculturae et Silviculturae Mendelianae Brunensis
|0 s
|
| 910 |
2 |
|
|a BOA001
|b 2-1320.631
|
| 990 |
|
|
|a BK
|
| 995 |
|
|
|a 01
|
| 991 |
|
|
|b 201404
|c NOV
|e n
|j 502 SUP
|
| 996 |
6 |
|
|b 2610585286
|c 2-1320.631
|l MZK
|r Sklad / do 1 hodiny
|n 1
|p p.v.
|w 001409006
|u 000010
|a 1
|e BOA001
|j MZK50
|s P
|
| 996 |
7 |
|
|b 2610585287
|c 2-1320.631
|l MZK
|r Sklad / do 1 hodiny
|n 2
|p p.v.
|w 001409006
|u 000020
|a 1
|e BOA001
|j MZK50
|s A
|